000 00624nam a2200205 i 4500
001 65907
003 ES-MaACL
005 20240418063108.0
007 t|
008 040123s1962 sp ||||1| spa d
080 _a821.134.2-14"19"
100 1 _aFuertes, Gloria,
_d1917-1998
_952959
245 1 4 _a"...Que estás en la tierra..." /
_cGloria Fuertes.
260 _a[Barcelona] :
_bJaime Salinas,
_c1962.
300 _a111 p. ;
_c19 cm.
490 1 _aColección Colliure
830 0 _aColección Colliure
_9182303
852 _aES-MaACL
_jC-24374
_z.- Dedicatoria manuscrita del autor
999 _c65907
_d65907